| 000 | 00661nac a22002051u 4500 | ||
|---|---|---|---|
| 010 | _a76030842 | ||
| 082 | 0 | 0 |
_a604.26218 _bGRA |
| 090 |
_c8476 _d8476 |
||
| 100 | _aGrafstein, Paul. | ||
| 245 | 1 | 0 |
_aPictorial handbook of technical devices : _cPaul Grafstein and Otto B. Schwarz. |
| 260 |
_aNew York, _bChemical Pub. Co.,1971. _c1971. |
||
| 300 |
_a606 p. _bill. _c23 cm. |
||
| 500 | _aincludes index | ||
| 500 | _aDistributer: Al-Ahram | ||
| 511 | _aCatalogued by: Sara | ||
| 650 | 0 |
_aMachinery _xDrawings. |
|
| 650 | 0 |
_aMechanical movements _xDrawing. |
|
| 700 | 1 | _aSchwarz, Otto B., | |
| 942 |
_cBB _k604.26218GRA |
||
| 999 |
_c8476 _d8476 |
||